000 02967cam a22004454i 4500
003 PE-LiUPU
005 20250731165407.0
008 151014s2014 pe a grm 000 0 spa d
035 _a(Sirsi) a154871
040 _aPE-LiUPU
_bspa
_cPE-LiUPU
_erda
099 _aTE 3
_bM13 2014
100 1 _aMachaca Tito, Celia Soledad
_eautor
245 1 _aRelación entre la inteligencia emocional y el rendimiento académico en la asignatura de comunicación en estudiantes del quinto año de educación secundaria del Colegio Industrial Simón Bolivar, Juliaca /
_cCelia Soledad Machaca Tito.
264 0 _c2014.
300 _a89 hojas :
_bilustraciones;
_c30 cm
336 _atext
_2rdacontent
337 _aunmediated
_2rdamedia
338 _avolume
_2rdacarrier
502 _aTesis
_b(Mg.) --
_cUniversidad Peruana Unión,
_d2014.
504 _aIncluye referencias
520 3 _aLa presente investigación se realizó con una población de 92 estudiantes, de quienes se escogieron aleatoriamente 196 estudiantes del quinto año de educación secundaria del colegio Industrial Simón Bolivar, Juliaca, matriculados en el período académico 2014; tuvo el objetivo de identificar la relación que existe entre la inteligencia emocional y el rendimiento académico en la asignatura de Comunicación en estudiantes del quinto año de educación secundaria del Colegio Industrial Simón Bolivar, Juliaca. La investigación pertenece al diseño no experimental transeccional, al tipo descriptivo correlacional. Se aplicó el Test ICE de BarOn para medir el grado de inteligencia emocional, tiene 133 preguntas agrupadas en cinco dimensiones (capacidad emocional intrapersonal, interpersonal, adaptabilidad, manejo de tensión y estado de ánimo). Se usó el promedio de notas de la asignatura de Comunicación, para identificar la correlación existente entre ambos, cuyos resultados muestran que el 55.5% posee una inteligencia emocional muy alta y se posiciona como sobresaliente en su rendimiento académico; por otro extremo, se encontró que un 82.4% posee inteligencia emocional Muy Baja y se posiciona en rendimiento académico como Bueno. Por lo tanto, si existe relación significativa entre la inteligencia emocional y el rendimiento académico en la asignatura de comunicación en alumnos de quinto año de educación secundaria del Colegio Industrial Simón Bolivar, Juliaca.
526 _aSEG44
526 _aSEG26
526 _aP151
526 _aP150
526 _aP149
526 _aP146
526 _aP145
526 _aP126
526 _aP125
526 _aP92
526 _aP75
526 _aP74
526 _aP27
526 _aP15
650 0 4 _aEducación secundaria
_xInteligencia emocional
_xRendimiento académico.
596 _a1
942 _2ddc
_cTESIS
999 _aTE 3 M13 2014
_wALPHANUM
_c7565
_iT01665
_lCCODEBUL3
_mBUL
_r1
_sY
_tTESIS
_u2015-10-14
_xPOSGRADO
_PP57
_o.STAFF. Tesis
_d7565
980 _81
_gALBERTO SANCHEZ Responsable de Automatización